111 míst v Brně, která musíte vidět /

Hlavní autor: Biler, Stanislav, 1982-
Jazyk: Čeština
Vydáno: V Praze : Paseka, 2020
Vydání: Vydání první
Témata:
Fyzický popis: 230 stran : barevné ilustrace, plány ; 21 cm
Knihy
Uloženo v:
LEADER 02098nam a2200505 i 4500
001 nkc20203239922
003 CZ PrNK
005 20201201102829.0
007 ta
008 200727s2020 xr ae e f 000 0 cze
015 |a cnb003239922 
020 |a 978-80-7637-077-7  |q (brožováno) :  |c Kč 369,00 
035 |a (OCoLC)1200258230 
040 |a OLA001  |b cze  |e rda 
043 |a e-xr---  |b e-xr-jm  |2 czenas 
072 7 |a 913(437)  |x Geografie Česka a Slovenska, reálie, cestování  |2 Konspekt  |9 7 
080 |a 913:338.483.1  |2 MRF 
080 |a 913(437.322)  |2 MRF 
080 |a (437.322)  |2 MRF 
080 |a (036)913  |2 MRF 
100 1 |a Biler, Stanislav,  |d 1982-  |7 mzk2015855552  |4 aut 
245 1 0 |a 111 míst v Brně, která musíte vidět /  |c Stanislav Biler 
246 3 |a Sto jedenáct míst v Brně, která musíte vidět 
250 |a Vydání první 
264 1 |a V Praze :  |b Paseka,  |c 2020 
300 |a 230 stran :  |b barevné ilustrace, plány ;  |c 21 cm 
336 |a text  |b txt  |2 rdacontent 
336 |a statický obraz  |b sti  |2 rdacontent 
337 |a bez média  |b n  |2 rdamedia 
338 |a svazek  |b nc  |2 rdacarrier 
650 0 7 |a turistické zajímavosti  |7 ph126800  |z Česko  |2 czenas 
650 0 9 |a tourist sights  |z Czechia  |2 eczenas 
651 7 |a Brno (Česko)  |7 ge134084  |2 czenas 
651 9 |a Brno (Czechia)  |2 eczenas 
655 7 |a turistické průvodce  |7 fd133738  |2 czenas 
655 9 |a tourist guidebooks  |2 eczenas 
910 2 |a BOA001  |b 2-1452.040 
990 |a BK 
995 |a 01 
991 |b 202008  |c NOV 
996 6 |b 2610833710  |c 2-1452.040  |l MZK  |r Sklad / do 1 hodiny  |n 23  |p p.v.  |w 001817138  |u 000010  |a 1  |e BOA001  |j MZK50  |s P 
996 6 |b 2610840235  |c 2-1452.040  |l MZK  |r STM 6p  |n 0  |p kup  |h 913(437) BIL  |w 001817138  |u 000020  |a 0  |e BOA001  |j MZK50  |s P 
996 7 |b 2610840236  |c 2-1452.040  |l Vol.výběr  |r VV 1p  |n 25  |p kup  |h 913(437) BIL  |w 001817138  |u 000030  |a 0  |e BOA001  |j MZK50  |s A 
996 7 |b 2610840237  |c 2-1452.040  |l Vol.výběr  |r VV 1p  |n 23  |p kup  |h 913(437) BIL  |w 001817138  |u 000040  |a 0  |e BOA001  |j MZK50  |s A 
996 7 |b 2610847706  |c 2-1452.040  |l Vol.výběr  |r VV 1p  |n 21  |p kup  |h 913(437) BIL  |w 001817138  |u 000050  |a 0  |e BOA001  |j MZK50  |s A